000
00293nam a2200121Ia 4500
008
240624s9999 xx 000 0 und d
041
_a
eng
082
_a
891.46 ARM
100
_a
ARMSTRONG LANCE
245
_a
ITS NOT ABOUT THE BIKE
260
_c
2013
_a
Pune
_b
Mehta Publishing H
365
_c
RS
999
_c
31385
_d
31385